[Event "Ostersund Storsjodraget op"]
[Site "Ostersund"]
[Date "2019.06.14"]
[Round "2"]
[White "Sundell, Bo"]
[Black "Unander, Matts"]
[Result "0-1"]
[WhiteElo "2099"]
[BlackElo "2007"]
[PlyCount "62"]
[EventDate "2019.06.14"]
[EventType "swiss"]
[EventRounds "7"]
[EventCountry "SWE"]
[SourceTitle "CBM 192 Extra"]
[Source "Chessbase"]
[SourceDate "2019.11.06"]
[SourceVersion "1"]
[SourceVersionDate "2019.11.06"]
[SourceQuality "1"]

1. e4 c5 2. Nf3 Nf6 3. d3 Nc6 4. g3 d6 5. Bg2 g6 6. 0-0 Bg7 7. Re1 0-0 8. c3 Bg4 9. Nbd2 Qc8 10. a4 Ne5 11. Qc2 Nxf3+ 12. Nxf3 Bh3 13. Bxh3 Qxh3 14. d4 cxd4 15. cxd4 Ng4 16. Qd3 f5 17. e5 dxe5 18. dxe5 Rac8 19. Bf4 h6 20. Rac1 g5 21. Rxc8 Rxc8 22. Qxf5 Rf8 23. Qe6+ Kh8 24. Qxe7 gxf4 25. Qh4 Qxh4 26. Nxh4 Kh7 27. gxf4 Rxf4 28. e6 Nf6 29. Ng2 Rxa4 30. e7 Ne8 31. Ne3 Re4 0-1

[Event "SWE-ch qualA"]
[Site "Haninge"]
[Date "1997.??.??"]
[Round "12"]
[White "Ask, Josef"]
[Black "Sundell, Bo"]
[Result "0-1"]
[WhiteElo "2050"]
[BlackElo "2195"]
[PlyCount "84"]
[EventDate "1997.??.??"]
[EventType "tourn"]
[EventRounds "13"]
[EventCountry "SWE"]
[SourceTitle "EXT 1999"]
[Source "ChessBase"]
[SourceDate "1998.11.16"]
[SourceVersion "1"]
[SourceVersionDate "1998.11.16"]
[SourceQuality "1"]

1. e4 e6 2. d4 d5 3. Nc3 Nf6 4. e5 Nfd7 5. Nce2 c5 6. c3 Nc6 7. a3 Be7 8. Nf4 Qa5 9. Bd2 Qb6 10. Be3 Qxb2 11. Nge2 cxd4 12. Nd3 Qb6 13. cxd4 0-0 14. Ndf4 Na5 15. Ng3 Qb3 16. Qc1 Qa4 17. Bd3 Nb3 18. Qd1 Qa5+ 19. Kf1 Nxa1 20. Qh5 f5 21. Nxe6 Nc2 22. Bxc2 Qa6+ 23. Ne2 Qxe6 24. g4 Qg6 25. Qxg6 hxg6 26. Nf4 Bxa3 27. gxf5 Nb6 28. f6 gxf6 29. Nxg6 Kf7 30. h4 Rg8 31. h5 Nc4 32. Bf4 Be6 33. Rg1 f5 34. Rh1 Bb2 35. Bg5 Bxd4 36. Bf6 a5 37. h6 Rxg6 38. h7 Rxf6 39. h8Q Rxh8 40. Rxh8 Bxe5 41. Rh7+ Kg6 42. Rxb7 Rf7 0-1

[Event "SWE-ch qualA"]
[Site "Haninge"]
[Date "1997.??.??"]
[Round "2"]
[White "Sundell, Bo"]
[Black "Madebrink, Lars"]
[Result "1/2-1/2"]
[WhiteElo "2195"]
[BlackElo "2265"]
[PlyCount "81"]
[EventDate "1997.??.??"]
[EventType "tourn"]
[EventRounds "13"]
[EventCountry "SWE"]
[SourceTitle "EXT 1999"]
[Source "ChessBase"]
[SourceDate "1998.11.16"]
[SourceVersion "1"]
[SourceVersionDate "1998.11.16"]
[SourceQuality "1"]

1. e4 c5 2. Nf3 Nc6 3. Bb5 d6 4. 0-0 Bd7 5. c4 Nf6 6. Qe2 e6 7. Bxc6 Bxc6 8. Nc3 Be7 9. d4 cxd4 10. Nxd4 Rc8 11. Nxc6 Rxc6 12. Rd1 Qa5 13. a3 a6 14. Bf4 Qh5 15. Qd3 0-0 16. b3 Ng4 17. Qe2 b5 18. Na2 bxc4 19. Nb4 Rcc8 20. bxc4 a5 21. Nc2 Rfd8 22. Ne3 Nf6 23. Qxh5 Nxh5 24. Bg3 g5 25. f3 Nf4 26. Be1 Bf6 27. Rab1 Bd4 28. Kf2 Bxe3+ 29. Kxe3 Nxg2+ 30. Kd4 Rc5 31. Rb5 Rdc8 32. Rxc5 Rxc5 33. Bg3 Nf4 34. Bxf4 gxf4 35. Rb1 Rh5 36. Rb6 Rxh2 37. Rxd6 Kf8 38. Ke5 Ke7 39. Ra6 Rh5+ 40. Kxf4 Rc5 41. Ke3 1/2-1/2

[Event "SWE-ch qualA"]
[Site "Haninge"]
[Date "1997.??.??"]
[Round "4"]
[White "Sundell, Bo"]
[Black "Nygren, David"]
[Result "0-1"]
[WhiteElo "2195"]
[BlackElo "2240"]
[PlyCount "74"]
[EventDate "1997.??.??"]
[EventType "tourn"]
[EventRounds "13"]
[EventCountry "SWE"]
[SourceTitle "EXT 1999"]
[Source "ChessBase"]
[SourceDate "1998.11.16"]
[SourceVersion "1"]
[SourceVersionDate "1998.11.16"]
[SourceQuality "1"]

1. e4 Nf6 2. Nc3 d5 3. e5 Nfd7 4. d4 c5 5. e6 fxe6 6. Bb5 cxd4 7. Qh5+ g6 8. Qe5 Rg8 9. Qxe6 dxc3 10. Qxg8 cxb2 11. Bxd7+ Nxd7 12. Bxb2 Qa5+ 13. Kd1 Qb5 14. Bg7 Qf1+ 15. Kd2 Qxg2 16. Ne2 b6 17. Rhg1 Qe4 18. f3 Qf5 19. Qxh7 Bxg7 20. Qxg7 Nf8 21. Rae1 Bd7 22. Nd4 Qf4+ 23. Kd1 e6 24. Qe5 Qh6 25. Re3 Kf7 26. Rge1 Rc8 27. R1e2 Rc4 28. f4 Qh4 29. Nf3 Qxf4 30. Qh8 Rb4 31. Ne5+ Ke8 32. Nxg6 Rb1+ 33. Kd2 Qb4+ 34. Rc3 d4 35. Qxf8+ Qxf8 36. Nxf8 dxc3+ 37. Kxc3 Kxf8 0-1

[Event "SWE-ch qualA"]
[Site "Haninge"]
[Date "1997.??.??"]
[Round "7"]
[White "Sundell, Bo"]
[Black "Von Bahr, Oskar"]
[Result "0-1"]
[WhiteElo "2195"]
[BlackElo "2185"]
[PlyCount "166"]
[EventDate "1997.??.??"]
[EventType "tourn"]
[EventRounds "13"]
[EventCountry "SWE"]
[SourceTitle "EXT 1999"]
[Source "ChessBase"]
[SourceDate "1998.11.16"]
[SourceVersion "1"]
[SourceVersionDate "1998.11.16"]
[SourceQuality "1"]

1. e4 d5 2. exd5 Qxd5 3. Nc3 Qa5 4. d4 Nf6 5. Nf3 c6 6. Bc4 Bf5 7. 0-0 e6 8. a3 Nbd7 9. Bf4 Be7 10. Re1 Nd5 11. Bxd5 cxd5 12. b4 Qd8 13. Nb5 0-0 14. Bc7 Qc8 15. Bd6 Re8 16. Bxe7 Rxe7 17. Nd6 Qxc2 18. Qxc2 Bxc2 19. Rac1 Be4 20. Rc7 Bxf3 21. gxf3 Kf8 22. Rec1 Nb6 23. R1c5 Rb8 24. Kf1 f6 25. Ke2 Rd8 26. Nxb7 Rdd7 27. Rxd7 Rxd7 28. Na5 Kf7 29. Nc6 Nc4 30. a4 Kg6 31. b5 Kf5 32. a5 e5 33. a6 exd4 34. Nxd4+ Ke5 35. Nc2 Re7 36. Ne3 Nb6 37. Kd3 Rd7 38. Rc6 Kf4 39. Ke2 d4 40. Ng2+ Kf5 41. Kd3 Nd5 42. Kxd4 Nf4+ 43. Kc5 Nxg2 44. Rc8 Ke6 45. Re8+ Kf7 46. Rb8 Ke6 47. Rb7 Nf4 48. Kc6 Rd6+ 49. Kc7 Nd5+ 50. Kc8 Ne7+ 51. Kb8 Rd8+ 52. Kxa7 Nc8+ 53. Kb8 Kd6 54. Rc7 Na7+ 55. Kb7 Nxb5 56. Rxg7 Rd7+ 57. Rxd7+ Kxd7 58. a7 Nc7 59. a8Q Nxa8 60. Kxa8 h5 61. Kb7 h4 62. f4 h3 63. f5 Kd6 64. Kc8 Ke5 65. Kd7 Kxf5 66. Ke7 Ke5 67. Kf7 f5 68. Kg6 Kf4 69. Kf6 Kf3 70. Kxf5 Kg2 71. f4 Kxh2 72. Ke6 Kg3 73. f5 h2 74. f6 h1Q 75. f7 Qh8 76. Ke7 Qe5+ 77. Kf8 Kg4 78. Kg8 Qg5+ 79. Kh7 Qf5+ 80. Kg7 Qd7 81. Kg8 Kg5 82. Kg7 Qe7 83. Kg8 Kg6 0-1

[Event "SWE-chB1"]
[Site "Linkoping"]
[Date "1996.??.??"]
[Round "?"]
[White "Sundell, Bo"]
[Black "Barkhagen, Jonas"]
[Result "0-1"]
[WhiteElo "2090"]
[BlackElo "2405"]
[PlyCount "68"]
[EventDate "1996.??.??"]
[EventType "tourn"]
[EventRounds "13"]
[EventCountry "SWE"]
[SourceTitle "EXT 2000"]
[Source "ChessBase"]
[SourceDate "1999.11.16"]
[SourceVersion "1"]
[SourceVersionDate "1999.11.16"]
[SourceQuality "1"]

1. e4 e5 2. Nf3 Nc6 3. Bc4 Bc5 4. 0-0 Nf6 5. d4 Bxd4 6. Nxd4 Nxd4 7. f4 d6 8. fxe5 dxe5 9. Bg5 Be6 10. Bxf6 gxf6 11. Bxe6 Nxe6 12. Nc3 c6 13. Qf3 Nd4 14. Qf2 Rg8 15. Nd1 Rg4 16. Qe3 Rf4 17. Rxf4 exf4 18. Qf2 Qb6 19. Kh1 Ne6 20. Qxb6 axb6 21. Nc3 b5 22. Kg1 Ke7 23. Ne2 Ra4 24. Nc3 Rd4 25. Re1 Kd6 26. a3 Ke5 27. Kf2 h5 28. h4 Rd2+ 29. Re2 Rxe2+ 30. Kxe2 Nd4+ 31. Kd3 f3 32. gxf3 Nxf3 33. Ke3 Nxh4 34. Ne2 Ng2+ 0-1

[Event "SWE-chB1"]
[Site "Linkoping"]
[Date "1996.??.??"]
[Round "?"]
[White "Wikstrom, Per"]
[Black "Sundell, Bo"]
[Result "1/2-1/2"]
[WhiteElo "2130"]
[BlackElo "2090"]
[PlyCount "21"]
[EventDate "1996.??.??"]
[EventType "tourn"]
[EventRounds "13"]
[EventCountry "SWE"]
[SourceTitle "EXT 2000"]
[Source "ChessBase"]
[SourceDate "1999.11.16"]
[SourceVersion "1"]
[SourceVersionDate "1999.11.16"]
[SourceQuality "1"]

1. d4 d5 2. c4 c6 3. Nf3 Bf5 4. cxd5 cxd5 5. Bf4 Nf6 6. e3 e6 7. a3 Be7 8. Bd3 Bxd3 9. Qxd3 0-0 10. 0-0 Qd7 11. h3 1/2-1/2